Info (Record no. 7003)
[ view plain ]
| 000 -LEADER | |
|---|---|
| fixed length control field | 00393nas a22001697i 4500 |
| 001 - CONTROL NUMBER | |
| control field | 8370 |
| 003 - CONTROL NUMBER IDENTIFIER | |
| control field | OSt |
| 005 - DATE AND TIME OF LATEST TRANSACTION | |
| control field | 20170126082410.0 |
| 007 - PHYSICAL DESCRIPTION FIXED FIELD--GENERAL INFORMATION | |
| fixed length control field | tu |
| 008 - FIXED-LENGTH DATA ELEMENTS--GENERAL INFORMATION | |
| fixed length control field | 161220s2005 xxu||||| |||| 00| 0 d |
| 022 ## - INTERNATIONAL STANDARD SERIAL NUMBER | |
| International Standard Serial Number | 0250-3883 |
| 024 7# - OTHER STANDARD IDENTIFIER | |
| Standard number or code | 8370 |
| Source of number or code | RID |
| 040 ## - CATALOGING SOURCE | |
| Transcribing agency | OSt |
| 110 2# - MAIN ENTRY--CORPORATE NAME | |
| Corporate name or jurisdiction name as entry element | Europäische Investitionsbank (EIB) |
| 245 00 - TITLE STATEMENT | |
| Title | Info |
| Remainder of title | die EIB - die Bank der EU |
| 260 ## - PUBLICATION, DISTRIBUTION, ETC. | |
| Place of publication, distribution, etc. | Luxembourg, |
| Date of publication, distribution, etc. | 2005, Nr. 119 -. |
| 942 ## - ADDED ENTRY ELEMENTS (KOHA) | |
| Koha item type | Journal |
| Withdrawn status | Lost status | Damaged status | Not for loan | Home library | Current library | Shelving location | Date acquired | Serial Enumeration / chronology | Inventory number | Total Checkouts | Barcode | Date last seen | Price effective from | Koha item type |
|---|---|---|---|---|---|---|---|---|---|---|---|---|---|---|
| WIIW | WIIW | Library | 01/07/2013 | 2012,4 | 8370 | 10005289 | 01/26/2017 | 01/26/2017 | Journal | |||||
| WIIW | WIIW | Library | 06/20/2013 | 2013,1 | 8370 | 10005657 | 01/26/2017 | 01/26/2017 | Journal | |||||
| WIIW | WIIW | Library | 09/23/2013 | 2013,2 | 8370 | 10005818 | 01/26/2017 | 01/26/2017 | Journal | |||||
| WIIW | WIIW | Library | 02/11/2014 | 2013,4 | 8370 | 10006049 | 01/26/2017 | 01/26/2017 | Journal |
